[Event "Bratislava Slovan op"]
[Site "Bratislava"]
[Date "2018.05.01"]
[Round "7"]
[White "Cibiri, Ivan"]
[Black "Kolman, Richard"]
[Result "0-1"]
[WhiteElo "1645"]
[BlackElo "2004"]
[PlyCount "62"]
[EventDate "2018.04.27"]
[EventType "swiss"]
[EventRounds "9"]
[EventCountry "SVK"]
[SourceTitle "EXT 2023"]
[Source "ChessBase"]
[SourceDate "2022.10.05"]
[SourceVersion "1"]
[SourceVersionDate "2022.10.05"]
[SourceQuality "1"]

1. d4 d5 2. Bf4 c5 3. e3 Nc6 4. c3 e6 5. Nd2 Bd6 6. Bg3 Qc7 7. f4 Nf6 8. Bd3 b6 9. Ngf3 Bb7 10. Qe2 0-0 11. Ne5 Ne7 12. h4 Ne4 13. Bh2 f6 14. Nef3 a6 15. g4 b5 16. g5 Nf5 17. Rg1 Kh8 18. gxf6 gxf6 19. 0-0-0 cxd4 20. exd4 Bxf4 21. Bxf4 Qxf4 22. Rde1 Rg8 23. Kb1 Rxg1 24. Rxg1 Rg8 25. Re1 Nfd6 26. Nf1 Nc4 27. Kc2 Rc8 28. Rc1 Ncd6 29. a3 Nf5 30. N1d2 Nxd2 31. Nxd2 Nxd4+ 0-1

[Event "Bratislava Slovan op"]
[Site "Bratislava"]
[Date "2018.04.30"]
[Round "5"]
[White "Kolman, Richard"]
[Black "Smolka, Marcin"]
[Result "1/2-1/2"]
[WhiteElo "2004"]
[BlackElo "2178"]
[PlyCount "56"]
[EventDate "2018.04.27"]
[EventType "swiss"]
[EventRounds "9"]
[EventCountry "SVK"]
[SourceTitle "EXT 2023"]
[Source "ChessBase"]
[SourceDate "2022.10.05"]
[SourceVersion "1"]
[SourceVersionDate "2022.10.05"]
[SourceQuality "1"]

1. d4 d5 2. Nf3 c6 3. Bf4 Nf6 4. Nbd2 e6 5. e3 Bd6 6. Bg3 0-0 7. Bd3 Re8 8. Ne5 b6 9. 0-0 Bb7 10. f4 c5 11. c3 Ne4 12. Nxe4 dxe4 13. Bb5 Rf8 14. Bc4 Bd5 15. Qb3 Nc6 16. Bxd5 Na5 17. Nc6 Nxb3 18. Nxd8 exd5 19. axb3 Rfxd8 20. dxc5 Bxc5 21. Bf2 a5 22. Rfd1 Rac8 23. Rd2 Rc6 24. Rad1 Rcd6 25. g4 f6 26. Kf1 Kf7 27. Ke2 g6 28. f5 Ke7 1/2-1/2

[Event "Bratislava Slovan op"]
[Site "Bratislava"]
[Date "2018.04.27"]
[Round "1"]
[White "Paulicka, Ivan"]
[Black "Kolman, Richard"]
[Result "0-1"]
[WhiteElo "1674"]
[BlackElo "2004"]
[PlyCount "40"]
[EventDate "2018.04.27"]
[EventType "swiss"]
[EventRounds "9"]
[EventCountry "SVK"]
[SourceTitle "EXT 2023"]
[Source "ChessBase"]
[SourceDate "2022.10.05"]
[SourceVersion "1"]
[SourceVersionDate "2022.10.05"]
[SourceQuality "1"]

1. d4 d5 2. c4 e6 3. Nc3 c5 4. Nf3 cxd4 5. Nxd4 e5 6. Nf3 d4 7. Nd5 Nc6 8. e4 Nf6 9. Bg5 Be7 10. Nxe7 Qxe7 11. Bd3 0-0 12. a3 a5 13. 0-0 Bg4 14. h3 Bh5 15. g4 Bg6 16. Bh4 Qd6 17. Re1 Nd7 18. Rc1 a4 19. Bg3 Nc5 20. Nd2 Nxd3 0-1